1579 1147 1013 1918 1783 1903 1475 1413 1226 1910 1341 1442 1855 1740 1707 1583 1554 1891 1409 1581 1020 1835 1771 1641 1559 1691 1230 1919 1429 1215 1394 1421 1527 1515 1119 1127 1580 1634 1209 1348 1825 1667 1172 1140 1243 1737 1152 1585 1469 1616 1196 1729 1705 1128 1638 1682 1516 1518 1935 1288 1013 1815 1182 1847 1500 1241 1205 1474 1332 1825 1078 1432 1856 1281 1608 1968 1595 1788 1182 1429 1096 1380 1640 1213 1456 1942 1545 1128 1322 1189 1980 1552 1939 1352 1974 1805 1452 1372 1037 BCNSPRNW ULIB Ver.6.0+V

เปลี่ยนเป็นภาษาไทย

Change to English
 แสดงรายละเอียดบรรณานุกรม
  กลับหน้าหลัก

Brief Record : Get Marc (ISO 2709) : E-mail record : QR code < ปิดหน้าต่าง
LEADER : 00000nam 2200000uu 4500
001    13399110648
003     ULIB
008    110607s2551||||th 000 0 tha d
020    9789749764565
060 04 QT104^bอ313ร
100 0  อรกัญญ์ ภูมิโคกรักษ์
245 10 ระบบร่างกายมนุษย์ =^bHuman body /^cโดย อรกัญญ์ ภูมิโครักษ์; [เรียบเรียงเนื้อหา ทักษิณา กล่อมเกลี้ยง, ปรียนันท์ วงศ์ใหญ่
246 31 Human body
250    พิมพ์ครั้งที่ 1
260    กรุงเทพฯ :^bเอ็มไอเอส,^c2551
300    255 หน้า :^bภาพประกอบสี ;^c30 ซม.
650  7 กายวิภาคศาสตร์
650  7 สรีรวิทยา
700 0  ทักษิณา กล่อมเกลี้ยง
700 0  ปรียนันท์ วงศ์ใหญ่
945    ^p270^l0^i15330
945    ^p270^l0^i15505
945    ^p270^l0^i15331
945    ^p270^l0^i15329
995    กัณชพร
999 ^a ใช้งานได้ทุกระบบ
รายการนี้ยังไม่มีแท็ก
คุณยังไม่ได้ล็อกอิน คุณสามารถมีกิจกรรมร่วมกับเว็บไซต์ได้ แต่ต้องล็อกอินก่อน ::
  ล็อกอิน

รายการสื่อสารสนเทศ

ลำดับที่ ประเภท เลขเรียก/บาร์โค้ด สถานที่ สถานะ
1. วิทยาศาสตร์การแพทย์ และสุขภาพ
วิทยาศาสตร์การแพทย์ และสุขภาพ
QT104 อ313ร  
  Barcode: 15331
ห้องสมุดวิทยาเขตสวรรค์ประชารักษ์
►ส่วนจัดเก็บหนังสือเก่า สปร
บนชั้น
  ขอยืม
2. วิทยาศาสตร์การแพทย์ และสุขภาพ
วิทยาศาสตร์การแพทย์ และสุขภาพ
QT104 อ313ร ฉ.2 
  Barcode: 15329
ห้องสมุดวิทยาเขตสวรรค์ประชารักษ์
►ส่วนจัดเก็บหนังสือเก่า สปร
บนชั้น
  ขอยืม
3. วิทยาศาสตร์การแพทย์ และสุขภาพ
วิทยาศาสตร์การแพทย์ และสุขภาพ
QT104 อ313ร ฉ.3 
  Barcode: 15505
ห้องสมุดวิทยาเขตสวรรค์ประชารักษ์
►ส่วนจัดเก็บหนังสือเก่า สปร
บนชั้น
  ขอยืม
4. วิทยาศาสตร์การแพทย์ และสุขภาพ
วิทยาศาสตร์การแพทย์ และสุขภาพ
QT104 อ313ร ฉ.4 
  Barcode: 15330
ห้องสมุดวิทยาเขตสวรรค์ประชารักษ์
►ส่วนจัดเก็บหนังสือเก่า สปร
บนชั้น
  ขอยืม

รายการใกล้เคียง
    ผู้แต่ง [อรกัญญ์ ภูมิโคกรักษ์]

    หัวเรื่อง [กายวิภาคศาสตร์]
    หัวเรื่อง [สรีรวิทยา]

BibComment


ยังไม่เคยถูกคอมเมนท์

คอมเมนท์ทรัพยากรรายการนี้
  คอมเมนท์: ระบบร่างกายมนุษย์..


 Copyright 2026. Bcnsprnw @Library